00469nam a2200181 a 4500001001300000003000900013005001700022008004100039020001000080082001400090100001700104245002200121260004800143500003500191505002800226650001600254700001700270nice12345678IN_TiNIC20260116011425.0050524s1902 laha grp 000 0 urd  ac10000a239bMEN2 aMenro, James aMajmooa-E-Rasayil aLahorebPunjab Religious Booksociety c1902 aincludes index and biblioraphy2 aHand Written Manuscript aApologetics1 aMenro, James